Rabbit-proof fence / (Record no. 9101)

MARC details
000 -LEADER
fixed length control field 01025nam a22002657a 4500
001 - CONTROL NUMBER
control field 9101
003 - CONTROL NUMBER IDENTIFIER
control field FISKH
005 - DATE AND TIME OF LATEST TRANSACTION
control field 20251120133150.0
008 - FIXED-LENGTH DATA ELEMENTS--GENERAL INFORMATION
fixed length control field 251120b cb ||||| |||| 00| 0 eng d
020 ## - INTERNATIONAL STANDARD BOOK NUMBER
International Standard Book Number 9780194791441
040 ## - CATALOGING SOURCE
Original cataloging agency FISKH
Language of cataloging eng
Transcribing agency FISKH
Modifying agency FISKH
050 ## - LIBRARY OF CONGRESS CALL NUMBER
Classification number PR9619.P535 R33
082 ## - DEWEY DECIMAL CLASSIFICATION NUMBER
Classification number 428
100 ## - MAIN ENTRY--PERSONAL NAME
Personal name Bassett, Jennifer
Relator term Author
245 ## - TITLE STATEMENT
Title Rabbit-proof fence /
Statement of responsibility, etc. Retold by Jennifer Bassett
260 ## - PUBLICATION, DISTRIBUTION, ETC.
Place of publication, distribution, etc. New York :
Name of publisher, distributor, etc. Oxford University Press ,
Date of publication, distribution, etc. 2008
300 ## - PHYSICAL DESCRIPTION
Extent 72 pages :
Other physical details illustrations ;
Dimensions 20 cm
505 ## - FORMATTED CONTENTS NOTE
Formatted contents note R<br/>
520 ## - SUMMARY, ETC.
Summary, etc. This is the true story of Doris Pilkington's mother Molly, who as a young girl led her two cousins, Daisy and Gracie, on an extraordinary 1,600 kilometre walk home. Under Western Australia's removal policy of the 1930s, the girls were taken from their Aboriginal families and transported halfway across the state.<br/>
521 8# - TARGET AUDIENCE NOTE
Target audience note 720<br/>
Source Lexile<br/>
521 8# - TARGET AUDIENCE NOTE
Target audience note R<br/>
Source Lexile<br/>
650 ## - SUBJECT ADDED ENTRY--TOPICAL TERM
Topical term or geographic name entry element True stories
Form subdivision Western Australia
942 ## - ADDED ENTRY ELEMENTS (KOHA)
Source of classification or shelving scheme Dewey Decimal Classification
Koha item type Chinese Book
Suppress in OPAC No
Holdings
Withdrawn status Lost status Source of classification or shelving scheme Damaged status Not for loan Collection Home library Current library Shelving location Date acquired Total Checkouts Full call number Barcode Date last seen Copy number Price effective from Koha item type
    Library of Congress Classification     Juvenile Fiction Footprints International School Library Network Toul Tom Poung Campus Footprints International School Library Network Toul Tom Poung Campus TTP Primary Orange Bookshelves 11/20/2025   BAS 428 PR9619.P535 R33 FIS00295 11/20/2025 1 11/20/2025 Chinese Book